5HLuxD.jpg

KING HENRY VIII SENIOR AND PRIMARY SCHOOL LIBRARY OPAC

Cracking coasts / (Record no. 2056)

000 -LEADER
fixed length control field 00962cam a2200277 a 4500
001 - CONTROL NUMBER
control field 403772
003 - CONTROL NUMBER IDENTIFIER
control field OSt
005 - DATE AND TIME OF LATEST TRANSACTION
control field 20230303101959.0
008 - FIXED-LENGTH DATA ELEMENTS--GENERAL INFORMATION
fixed length control field 100216s2010 enkab j 000 0 eng d
020 ## - INTERNATIONAL STANDARD BOOK NUMBER
International Standard Book Number 9781407110806
Qualifying information (pbk.) :
040 ## - CATALOGING SOURCE
Original cataloging agency NF
Transcribing agency TTCT
Modifying agency TTCT
-- KH8
042 ## - AUTHENTICATION CODE
Authentication code nbic
082 0# - DEWEY DECIMAL CLASSIFICATION NUMBER
Classification number 551.457 GAN
100 1# - MAIN ENTRY--PERSONAL NAME
Personal name Ganeri, Anita,
Dates associated with a name 1961-
Relator term author
245 10 - TITLE STATEMENT
Title Cracking coasts /
Statement of responsibility, etc. Anita Ganeri ; illustrated by Mike Phillips.
250 ## - EDITION STATEMENT
Edition statement New ed.
260 ## - PUBLICATION, DISTRIBUTION, ETC.
Place of publication, distribution, etc. London :
Name of publisher, distributor, etc. Scholastic,
Date of publication, distribution, etc. 2010.
300 ## - PHYSICAL DESCRIPTION
Extent 126 p. :
Other physical details ill. ;
Dimensions 20 cm.
490 1# - SERIES STATEMENT
Series statement Horrible geography.
500 ## - GENERAL NOTE
General note Previous edition: 2006.
520 ## - SUMMARY, ETC.
Summary, etc. Where in the world can you: Surf an awesome reef breaker? Visit the spooky Skeleton Coast? Go sailing with a snail? Get the earth-shattering facts in Cracking Coasts? [back cover]
650 #0 - SUBJECT ADDED ENTRY--TOPICAL TERM
Topical term or geographic name entry element Coasts
Form subdivision Juvenile literature.
700 1# - ADDED ENTRY--PERSONAL NAME
Personal name Phillips, Mike,
Dates associated with a name 1961-
Relator term illustrator
830 #0 - SERIES ADDED ENTRY--UNIFORM TITLE
Uniform title Horrible geography.
942 ## - ADDED ENTRY ELEMENTS (KOHA)
Source of classification or shelving scheme
Koha item type Books - Non Ficton
Holdings
Withdrawn status Lost status Source of classification or shelving scheme Damaged status Not for loan Collection code Permanent Location Current Location Shelving location Date acquired Total Checkouts Full call number Barcode Date last seen Date last checked out Price effective from Koha item type
          Non-Fiction KH8 Primary School Library KH8 Primary School Library Non Fiction 2023-03-03 5 551.457 GAN KHPL000003782 2025-12-05 2024-09-12 2023-03-03 Books - Non Ficton

Powered By KH8 IT Dept